Viscoelastic models for nearly incompressible materials /

Bibliographic Details
Main Author: Scheidler, Mike
Corporate Author: U.S. Army Research Laboratory
Format: Government Document eBook
Language:English
Published: Aberdeen Proving Ground, MD : Army Research Laboratory, [2009]
Series:ARL-TR (Aberdeen Proving Ground, Md.) ; 4992.
Subjects:
Online Access:https://purl.fdlp.gov/GPO/LPS120375

MARC

Tag First Indicator Second Indicator Subfields
LEADER 00000cam a2200000Ia 4500
001 in00002592413
005 20211202193225.0
006 m d
007 cr mn|||||||||
008 100311s2009 mdua sbt f000 0 eng d
035 |a (OCoLC)ocn551192825 
040 |a GPO  |c GPO  |d GPO  |d MvI  |d UtOrBLW 
049 |a WWW 
074 |a 0324-A-01 (online) 
086 0 |a D 101.133:4992 
100 1 |a Scheidler, Mike. 
245 1 0 |a Viscoelastic models for nearly incompressible materials /  |c Mike Scheidler. 
264 1 |a Aberdeen Proving Ground, MD :  |b Army Research Laboratory,  |c [2009] 
300 |a 1 online resource (viii, 52 pages) :  |b illustrations (some color). 
336 |a text  |b txt  |2 rdacontent 
337 |a computer  |b c  |2 rdamedia 
338 |a online resource  |b cr  |2 rdacarrier 
490 1 |a ARL-TR ;  |v 4992 
513 |a Final;  |b August 2008-September 2009. 
500 |a Title from title screen (viewed Mar. 11, 2010). 
500 |a "September 2009." 
504 |a Includes bibliographical references (page 50). 
536 |f AH80 
500 |a Electronic resource. 
650 0 |a Viscoelastic materials  |x Mathematical models. 
650 0 |a Stress relaxation tests  |x Mathematical models. 
710 2 |a U.S. Army Research Laboratory. 
830 0 |a ARL-TR (Aberdeen Proving Ground, Md.) ;  |v 4992. 
856 4 0 |u https://purl.fdlp.gov/GPO/LPS120375  |t 0 
999 |a MARS 
999 f f |s f58ebfe6-b242-3a9b-91db-318d18880fd4  |i 9e402653-a2e2-32ca-b5d6-7ff517e2929f  |t 0 
952 f f |a Texas A&M University  |b College Station  |c Electronic Resources  |d Available Online  |t 0  |e D 101.133:4992  |h Superintendent of Documents classification 
998 f f |a D 101.133:4992  |t 0  |l Available Online